000
00283 a2200109 4500
020
_a
9781032940328
100
_a
Tonny J. Oyana
245
_a
Spatial analysis with R: statistics, visualization, and computational methods
250
_a
2nd
260
_b
CRC Press
_c
2025
942
_c
OO
999
_c
116035
_d
116034